| 000 | 00428nam a2200169Ia 4500 | ||
|---|---|---|---|
| 003 | GCL | ||
| 008 | 140319s9999 xx 000 0 ara d | ||
| 040 |
_aGCL / _cGCL |
||
| 082 | 0 | 4 |
_a370.19 _bد ب |
| 245 | 1 | 0 | _aبيتنا مدرسة |
| 300 | _a96 ص | ||
| 490 |
_aأسرتى _v0 |
||
| 650 | 0 | 4 | _aالمجتمع |
| 650 | 0 | 4 | _aعلم النفس التربوى |
| 650 | 0 | 4 | _aالتنشئة الاجتماعية |
| 942 |
_2ddc _cBK |
||
| 999 |
_c44545 _d44545 |
||